| 000 | 00415nam a2200169Ia 4500 | ||
|---|---|---|---|
| 005 | 20140405074158.0 | ||
| 008 | 140130s9999 xx 000 0 und d | ||
| 050 |
_aPZ 7 _b.P7124Mar 2010 |
||
| 245 |
_cRey, H.A _aCurious george and the pizza / |
||
| 260 |
_bScholastic, _c1985 |
||
| 300 |
_a25 p. : _bcol. ill. ; _c21 cm. |
||
| 440 | _v1 | ||
| 521 | _aG2 | ||
| 526 | _c420 | ||
| 942 |
_cBK _2lcc |
||
| 999 |
_c40292 _d40292 |
||